[Event "Quebec-ch Intercoll"]
[Site "Montreal"]
[Date "1991.03.30"]
[Round "3"]
[White "Ramirez, Claudio"]
[Black "Plante, Michel"]
[Result "1/2-1/2"]
[WhiteElo "1736"]
[BlackElo "1630"]
[PlyCount "113"]
[EventDate "1991.03.29"]
[EventType "swiss"]
[EventRounds "6"]
[EventCountry "CAN"]
[SourceTitle "EXT 2022"]
[Source "ChessBase"]
[SourceDate "2021.10.06"]
[SourceVersion "1"]
[SourceVersionDate "2021.10.06"]
[SourceQuality "1"]

1. d4 Nf6 2. c4 g6 3. Nc3 Bg7 4. Nf3 d6 5. e4 0-0 6. Be2 e5 7. Bg5 Nbd7 8. 0-0 h6 9. Bh4 g5 10. Bg3 Nh5 11. Qd2 Nxg3 12. hxg3 c6 13. Kh2 g4 14. Nh4 exd4 15. Nd1 Ne5 16. f4 Ng6 17. Nf5 Bxf5 18. exf5 Ne7 19. Bxg4 c5 20. Rh1 b5 21. Kg1 bxc4 22. f6 Bxf6 23. Rxh6 Bg7 24. Rh5 f5 25. Bf3 Rc8 26. Rg5 Rf6 27. Nf2 Rg6 28. Bd5+ Kf8 29. Rxg6 Nxg6 30. Bxc4 d5 31. Bd3 Ne7 32. Qe2 Qd7 33. Ba6 Rc7 34. Rf1 c4 35. Rc1 Rc8 36. Qd2 Nc6 37. Bxc4 dxc4 38. Rxc4 Ne7 39. Qc2 Rxc4 40. Qxc4 Qd5 41. Qa6 Qc5 42. b3 Qb6 43. Qxb6 axb6 44. Nd3 Nd5 45. Kf2 Kf7 46. Kf3 Nf6 47. Ne5+ Ke6 48. g4 Nxg4 49. Nxg4 fxg4+ 50. Kxg4 d3 51. Kf3 Bd4 52. g4 d2 53. Ke2 Be3 54. f5+ Kf6 55. a4 Ke5 56. b4 Bg5 57. a5 1/2-1/2

[Event "Quebec-ch Intercoll"]
[Site "Montreal"]
[Date "1991.03.29"]
[Round "2"]
[White "Arpin, Philippe"]
[Black "Ramirez, Claudio"]
[Result "1/2-1/2"]
[WhiteElo "1439"]
[BlackElo "1736"]
[PlyCount "58"]
[EventDate "1991.03.29"]
[EventType "swiss"]
[EventRounds "6"]
[EventCountry "CAN"]
[SourceTitle "EXT 2022"]
[Source "ChessBase"]
[SourceDate "2021.10.06"]
[SourceVersion "1"]
[SourceVersionDate "2021.10.06"]
[SourceQuality "1"]

1. e4 e5 2. Nf3 Nf6 3. Nc3 Nc6 4. Bb5 d6 5. d4 exd4 6. Nxd4 Bd7 7. Bg5 Be7 8. Nxc6 Bxc6 9. Bxc6+ bxc6 10. Qf3 Nd7 11. Bxe7 Qxe7 12. 0-0 0-0 13. Qe2 Nb6 14. Qd3 Qe5 15. Rae1 Rfe8 16. Re3 Qc5 17. a3 Qc4 18. Rfe1 Re6 19. b3 Qxd3 20. cxd3 Nd7 21. d4 Rb8 22. d5 cxd5 23. Nxd5 Rb7 24. f4 Nb6 25. a4 f6 26. Kf2 a5 27. g4 Kf7 28. h4 h6 29. Kg3 Nd7 1/2-1/2

[Event "Quebec-ch U16"]
[Site "Montreal"]
[Date "1989.03.03"]
[Round "3"]
[White "Ramirez, Claudio"]
[Black "Salko, Nicolas"]
[Result "1/2-1/2"]
[WhiteElo "1365"]
[BlackElo "1461"]
[PlyCount "41"]
[EventDate "1989.03.02"]
[EventType "tourn"]
[EventRounds "7"]
[EventCountry "CAN"]
[SourceTitle "EXT 2022"]
[Source "ChessBase"]
[SourceDate "2021.10.06"]
[SourceVersion "1"]
[SourceVersionDate "2021.10.06"]
[SourceQuality "1"]

1. Nf3 d5 2. d4 c5 3. dxc5 Nf6 4. Nc3 Bf5 5. Bf4 e6 6. Nb5 Qa5+ 7. Nc3 Ne4 8. Bd2 Nxd2 9. Qxd2 Nc6 10. a3 Bxc5 11. e3 Bb4 12. Bd3 Bxc3 13. bxc3 Bg6 14. 0-0 Rc8 15. Rfb1 Qc7 16. c4 Bxd3 17. Qxd3 dxc4 18. Qxc4 0-0 19. Rd1 Nd8 20. Qxc7 Rxc7 21. Rd2 1/2-1/2